| 000 | 00646nam a22002057a 4500 | ||
|---|---|---|---|
| 999 |
_c11828 _d11828 |
||
| 003 | AR-CdUCM | ||
| 008 | 190405b ||||| |||| 00| 0 spa d | ||
| 040 |
_aMUNICIPALIDAD PROVINCIAL DEL CUSCO _cBIBLIOTECA MUNICIPAL DEL CUSCO |
||
| 082 |
_aEP / 398 / _bR78 |
||
| 100 |
_aRojas Román, Felicitas _929386 |
||
| 245 | _aKlavilinapa Chitachankuna / | ||
| 260 |
_aApurimaq : _bKinko,s Impresores, _c2009. |
||
| 300 |
_a16 paginas ; _bIlustraciones, graficos, dibujos, _c21 cm. |
||
| 500 | _aCuentos | ||
| 650 |
_aCuentos _9217 |
||
| 650 |
_aHistoria _9136 |
||
| 650 |
_aTexto educativos _929387 |
||
| 942 |
_2ddc _cLIBROS |
||
| 945 |
_apjha _d2019-04-05 |
||